000 01206nam a2200313 a 4500
001 000115498
003 CHAP
005 20220329144537.0
008 190529s2018 mx a |sm |||||||spa d
010 _a111959
011 _a112931
040 _cCHAP
090 _aTesis
100 1 _aHernández Rivera, Patricia.
_9135805
245 1 0 _aEfecto de microondas en el crecimiento de plantas de fresa (Fragaria x ananassa Duch.) y moho gris (botrytis cinerea Pers.) y su comparación económica.
_h[En línea]
_cpor Patricia Hernández Rivera.
260 _aChapingo, Méx. :
_bEl autor,
_c2018.
500 _aPara ver el contenido del material haga clic en la liga
502 _aTesis (Ing. Agr. Esp. en Fitotecnia) -- UACH. Departamento de Fitotecnia
590 _aE6339RRR
_b05
_c20190529
_lUCH01
_h1407
590 _aE6339RRR
_b05
_c20190529
_lUCH01
_h1408
650 1 4 _aBotrytis cinerea
_xControl.
_9108196
650 1 4 _aFresa
_xEnfermedades por hongos.
_943203
650 1 4 _aRadiación
_xEfecto en plantas.
_993674
650 1 4 _aRadiación
_xEfecto en suelos.
_993676
856 _aFinding aid
_uhttp://10.13.5.2/tesis/sist115498.pdf
_zTeclea aquí
901 _aBK
942 _cTESIS
942 _n0
999 _c111959
_d111959